Some aspects of international sports relations of the Hungarian wrestling federation with focus on major sports events

Bibliográfiai részletek
Szerző: Barbócz Márk Tamás
További közreműködők: Nyusztay Dr. László
Dokumentumtípus: Diplomadolgozat
Kulcsszavak:Sport
Sportdiplomácia
Birkózás
Olimpia
NOB
Magyar Birkózó Szövetség
Magyarország
Online Access:http://dolgozattar.uni-bge.hu/15475

MARC

LEADER 00000nta a2200000 i 4500
001 dolg15475
005 20200511040528.0
008 180507suuuu hu om 000 eng d
040 |a BGE Dolgozattár Repozitórium  |b hun 
041 |a en 
100 1 |a Barbócz Márk Tamás 
245 1 0 |a Some aspects of international sports relations of the Hungarian wrestling federation with focus on major sports events  |c Barbócz Márk Tamás  |h [elektronikus dokumentum] 
246 1 1 |a Some aspects of international sports relations of the Hungarian wrestling federation with focus on major sports events 
695 |a Sport 
695 |a Sportdiplomácia 
695 |a Birkózás 
695 |a Olimpia 
695 |a NOB 
695 |a Magyar Birkózó Szövetség 
695 |a Magyarország 
700 1 |a Nyusztay Dr. László  |e ths 
856 4 0 |u http://dolgozattar.uni-bge.hu/15475/1/SOME%20ASPECTS%20OF%20INTERNATIONAL%20SPORTS%20RELATIONS%20OF%20THE%20HUNGARIAN%20WRESTLING%20FEDERATION%20WITH%20FOCUS%20ON%20MAJOR%20SPORTS%20EVENTS.pdf  |z Dokumentum-elérés